Küresel sermaye ve domuz gribi raporu (Record no. 2115)

MARC details
000 -BAŞLIK
Sabit Uzunlukta Kontrol Alanı 00879na a2200253 4500
001 - KONTROL NUMARASI
Denetim Alanı 15419
003 - KONTROL NUMARASI IDENTIFIER
Denetim Alanı MIRAKIL
005 - SON İŞLEM TARİHİ VE ZAMANI
Denetim Alanı 20181213154846.0
008 - SABİT-BOY VERİ ELEMANLARI - GENEL BİLGİLER
Sabit Uzunlukta Kontrol Alanı 161019b tu 000 0
035 ## - SİSTEM KONTROL NUMARASI
Sistem Kontrol Numarası 14074
040 ## - KATALOGLAMA KAYNAK
Orijinal Kataloglama Ajansı Milas
Kataloglama Dili tur
Metne Dönüştürmek Ajansı TR-AnCHP
041 ## - DİL KODU
Metin / Ses Parça Veya Ayrı Başlığın Dil Kodu tur
082 ## - DEWEY ONLU SINIFLANDIRMA NUMARASI
Sınıflandırma Numarası 616.203
Ürün Numarası K96 2010
090 ## - SINIFLAMA NUMARASI
Sınıflama Numarası 616.203 K96 2010
245 ## - BAŞLIK TABLOSU
Başlık Küresel sermaye ve domuz gribi raporu
Sorumluluk Tablosu, Vb Uluslararası Hak İhlalleri İzleme Merkezi (UHİM)
260 ## - YAYIN, DAĞITIM, VB
Yayın, Dağıtım, Vb Yeri İstanbul
Yayıncı, Dağıtıcı, Vs Adı UHİM
Yayın, Dağıtım, Vb Tarihi 2010
300 ## - FİZİKSEL TANIM
Kapsam 22 s.
Diğer Fiziksel Ayrıntıları res.
Boyutlar 27 sm.
610 ## - KONU KATMA GİRİŞ - TOPLANTI ADI
Giriş Elemanı Olarak Kurumsal Ad Veya Yargı Alanı Adı Dünya Sağlık Örgütü
Genel Alt Bölüm Raporlar
610 ## - KONU KATMA GİRİŞ - TOPLANTI ADI
Giriş Elemanı Olarak Kurumsal Ad Veya Yargı Alanı Adı Uluslararası Hak İhlalleri İzleme Merkezi (UHİM)
Genel Alt Bölüm Küresel sermaye
Kronolojik Alt Bölüm Raporlar
610 ## - KONU KATMA GİRİŞ - TOPLANTI ADI
Giriş Elemanı Olarak Kurumsal Ad Veya Yargı Alanı Adı Uluslararası Hak İhlalleri İzleme Merkezi (UHİM)
Genel Alt Bölüm Raporlar
Kronolojik Alt Bölüm Domuz gribi
650 ## - KONU KATMA GİRİŞ - TOPİKAL DÖNEM
Topikal Süreli Veya Coğrafi Ad Giriş Elemanı Serbest ticaret
Genel Alt Bölümü Anlaşmalar
Coğrafi Alt Bölümü Kuzey Amerika
650 ## - KONU KATMA GİRİŞ - TOPİKAL DÖNEM
Topikal Süreli Veya Coğrafi Ad Giriş Elemanı Salgın hastalıklar
Genel Alt Bölümü Domuz gribi
942 ## - EKLENDİ GİRİŞ ELEMANLARI (KOHA)
Sınıflandırma Veya Raf Düzeni Kaynak Dewey Decimal Classification
Koha Öğesi Türü Books
999 ## - SİSTEM KONTROL NUMARALARI (KOHA)
Koha Biblionumber 2115
Koha Biblioitemnumber 2115
Holdings
Kalıcı Konum Mevcut Konum Edinme Tarihi Edinim Kaynak Toplam Check-Out'Lar Tam Çağrı Numarası Barkod Tarih Son Görülme İtibaren Geçerli Fiyatlar Koha Öğesi Türü
CHP Kütüphanesi CHP Kütüphanesi 09/09/2016 Bağış   616.203 K96 2010 003410 09/09/2016 09/09/2016 Books